Catálogo público

Porcinos / Johan H. Koeslag; coautor A. Fernán Castellanos Echeverría ; colaborador Peter Lehner; revisión Johan D. Berlijn (Record no. 217004)

MARC details
000 -CABECERA
campo de control de longitud fija 01183nam a2200289Ia 4500
001 - NÚMERO DE CONTROL
campo de control Z_6130
008 - DATOS DE LONGITUD FIJA--INFORMACIÓN GENERAL
campo de control de longitud fija 220601s9999 xx 000 0 und d
020 ## - NÚMERO INTERNACIONAL ESTÁNDAR DEL LIBRO
Número Internacional Estándar del Libro 968-24-3222-7
082 ## - NÚMERO DE LA CLASIFICACIÓN DECIMAL DEWEY
Número de clasificación 636.4 P67 1989
245 ## - MENCIÓN DE TÍTULO
Título Porcinos / Johan H. Koeslag; coautor A. Fernán Castellanos Echeverría ; colaborador Peter Lehner; revisión Johan D. Berlijn
250 ## - MENCIÓN DE EDICIÓN
Mención de edición 2a ed.
260 ## - PUBLICACIÓN, DISTRIBUCIÓN, ETC.
Lugar de publicación, distribución, etc. México : Trillas
300 ## - DESCRIPCIÓN FÍSICA
Extensión 110 p.
440 ## - MENCIÓN DE SERIE/PUNTO DE ACCESO ADICIONAL--TÍTULO
Título Manuales para educación agropecuaria. área producción animal; 5
9 (RLIN) 138334
500 ## - NOTA GENERAL
Nota general Basado en el trabajo de Johan H. Koeslag. Este manaual ha sido elaborado dentro de un proyecto de cooperación técnica internacional de la DGETA, SEP, FAO Y PNUD
503 ## - NOTA DE HISTORIA BIBLIOGRÁFICA (BK CF MU) [OBSOLETO]
Nota de historia bibliográfica ej.1 - ej.2: C/E
504 ## - NOTA DE BIBLIOGRAFÍA, ETC.
Nota de bibliografía, etc. Incluye índice
650 ## - PUNTO DE ACCESO ADICIONAL DE MATERIA--TÉRMINO DE MATERIA
Término de materia o nombre geográfico como elemento de entrada 1. Cerdos - Alimentación y alimentos
650 ## - PUNTO DE ACCESO ADICIONAL DE MATERIA--TÉRMINO DE MATERIA
Término de materia o nombre geográfico como elemento de entrada Cerdos - Cría
650 ## - PUNTO DE ACCESO ADICIONAL DE MATERIA--TÉRMINO DE MATERIA
Término de materia o nombre geográfico como elemento de entrada Ganado porcino
9 (RLIN) 45328
700 ## - PUNTO DE ACCESO ADICIONAL--NOMBRE DE PERSONA
Nombre de persona I.Koeslag, Johan H. \ II.Castellanos Echeverría, A. Fernán, coaut. \ III.Lehner, Peter, colab. \ IV.Berlijn, Johan D. rev.Ì
9 (RLIN) 177962
901 ## - ELEMENTOS DE DATOS A LOCAL LDA (RLIN)
a 636.4 P67 1989
902 ## - ELEMENTOS DE DATOS B LOCAL, LDB (RLIN)
a A
905 ## - ELEMENTOS DE DATOS E LOCAL, LDE (RLIN)
a 0000001989 mx an 0000000000spa00
942 ## - ELEMENTOS DE PUNTO DE ACCESO ADICIONAL (KOHA)
Tipo de ítem Koha Libro_
Holdings
Estado de retiro Estado de pérdida Fuente del sistema de clasificación o colocación Estado dañado No para préstamo Código de colección Localización permanente Ubicación/localización actual Ubicación en estantería Fecha de adquisición Total de préstamos Código de barras Fecha visto por última vez Fecha del último préstamo Número de copia Precio válido a partir de Tipo de ítem Koha
    Dewey Decimal Classification     General Zootecnia Zootecnia   07/03/2012 1 z_1162 30/09/2025 30/09/2025 2 02/06/2022 Libro
    Dewey Decimal Classification     General Zootecnia Zootecnia   07/03/2012   z_1161 02/06/2022   1 02/06/2022 Libro